000 00384nam a2200169Ia 4500
001 11289
003 IN-NITTTR
005 20251114233105.0
008 251113s9999||||xx |||||||||||||| ||eng||
040 _beng
040 _cIN-NITTTR
041 _aeng
082 _a519.2 C674S
100 _aColeman, Rodney
245 0 _aStochastic processes /
_cColeman, Rodney
942 _2ddc
_cBK
999 _c13925
_d13925